Statistiques concernant Les pokémons de type spectre (FR)

Cliquez ici pour prendre le quiz!

Statistiques générales

  • Ce quiz a été pris 348 fois
  • Le résultat moyen est 23 sur 35

Statistiques - réponses

NuméroPokémon% Correct
94Ectoplasma
99%
92Fantominus
99%
93Spectrum
99%
200Feuforêve
87%
429Magirêve
85%
354Branette
81%
477Noctunoir
81%
356Téraclope
81%
355Skelénox
79%
607Funécire
75%
353Polichombr
75%
609Lugulabre
74%
302Ténéfix
72%
608Mélancolux
71%
487Giratina
66%
479Motisma
65%
442Spiritomb
62%
478Momartik
61%
563Tutankafer
60%
710Pitrouille
59%
562Tutafeh
59%
681Exagide
58%
720Hoopa
58%
708Brocélôme
56%
709Desséliande
55%
711Banshitrouye
54%
425Baudrive
54%
680Dimoclès
54%
426Grodrive
54%
679Monorpale
53%
623Golemastoc
51%
622Gringolem
48%
593Moyade
46%
292Munja
44%
592Viskuse
43%

Distribution des résultats

Percentile par nombre de réponses

% des personnes avec chaque résultat

Votre développement - résultats

Vous n’avez pas pris ce quiz